Landen op de evenaar - Statistieken

Algemene statistieken
  • Deze quiz is 15 keer genomen
  • De gemiddelde score is 6 van 11
Antwoordstatistieken
Antwoord % Correct
congo
87%
brazilië
80%
indonesië
73%
ecuador
67%
colombia
60%
kenia
60%
gabon
53%
somalië
47%
oeganda
33%
sao tomé
33%
democratische republiek congo
20%
Geen overeenkomende quizzen gevonden
Scoreverdeling
Procent van Mensen met Elke Score
Percentiel versus Aantal Correcte Antwoorden
Uw Scoregeschiedenis
U heeft deze quiz nog niet genomen